00625nam a2200205 a 4500001000400000003001000004005001700014008004100031020001800072040002500090080001600115100002600131245010700157260003700264300002000301504002500321650002700346650002400373650002200397340BR-CuiBMT20231101001428.0230818s2012 mgb 000 0 por d a9788577005512 aBR-CuiBMTcBR-CuiBMT a35.08220071 aSchirato, Vitor Rhein1 aLivre iniciativa nos serviços públicos /cVitor Rhein Schirato ; Floriano de Azevedo Marques Neto. aBelo Horizonte:bFórum,c2012. a355 p. :c22 cm aInclui bibliografia. aDireito administrativo aDireito econômico aDireito público